| 000 | nam a22 a 4500 | ||
|---|---|---|---|
| 999 |
_c4011 _d4011 |
||
| 005 | 20170524154921.0 | ||
| 008 | 170524b2000 enk||||| |||| 00| 0 eng d | ||
| 020 |
_a1840002824 : _c £9.99 |
||
| 040 | _aAKMAL | ||
| 082 | _a748 WES | ||
| 090 |
_a748 _bWES |
||
| 245 | 0 | 0 |
_a Miller's glass antiques checklist / _c consultant: Mark West ; general editors: Judith and Martin Miller. |
| 246 | 3 | _a Glass antiques checklist | |
| 250 | _aNew ed., with updated prices. | ||
| 260 |
_aLondon : _bMiller's, _c 2000. |
||
| 300 |
_a192 p. : _bill. (chiefly col.) ; _c20 cm |
||
| 504 | _a Includes bibliographical references and index. | ||
| 599 | _aDALAM PROSES | ||
| 650 |
_aGlassware _xCollectors and collecting. _97868 |
||
| 700 | 1 |
_a West, Mark. _97869 |
|
| 700 | 1 |
_aMiller, Judith, _d1951- _97420 |
|
| 700 | 1 |
_a Miller, Martin, _d 1946-2013. _97425 |
|
| 942 |
_2ddc _cBOOK |
||